| 000 | 00702 a2200217 4500 | ||
|---|---|---|---|
| 010 | _aENG-85682 | ||
| 020 |
_c250.00 _a8187671483 |
||
| 035 | _aEN-69215 | ||
| 037 | _bD.B.Act / Pub | ||
| 082 | 1 | 4 | _a306.7 |
| 090 |
_c3456 _d3456 |
||
| 100 | 1 | _aFriel, John C. | |
| 245 | 1 |
_aThe 7 best things (happy) couples do _cby John C. Friel and Linda D. Friel |
|
| 260 |
_aChennai _bWestland Books _c2006 |
||
| 270 |
_aNew No. 571, P.H.Road, Aminjikarai, _bChennai _e600 029 |
||
| 300 |
_axviii, 320 p. _c21 cm ( Pbk.) |
||
| 500 | _aIncludes index | ||
| 700 | 1 | _aFriel, Linda D. | |
| 942 |
_adpl _cEN _k306.7 / FRI |
||
| 999 |
_c3389 _d3389 |
||